Statistics for U.S. State Capitals by Capitol Building Picture

Click here to take the quiz!

General Stats

  • This quiz has been taken 28 times
  • The average score is 38 of 50

Answer Stats

Answer% Correct
Juneau, Alaska
100%
Honolulu, Hawaii
95%
Santa Fe, New Mexico
95%
Boston, Massachusetts
90%
Phoenix, Arizona
90%
Richmond, Virginia
90%
Tallahassee, Florida
90%
Albany, New York
85%
Baton Rouge, Louisiana
85%
Bismarck, North Dakota
85%
Dover, Delaware
85%
Lincoln, Nebraska
85%
Montpelier, Vermont
85%
Providence, Rhode Island
85%
Austin, Texas
80%
Carson City, Nevada
80%
Harrisburg, Pennsylvania
80%
Little Rock, Arkansas
80%
Montgomery, Alabama
80%
Annapolis, Maryland
75%
Atlanta, Georgia
75%
Charleston, West Virginia
75%
Hartford, Connecticut
75%
Jackson, Mississippi
75%
Lansing, Michigan
75%
Pierre, South Dakota
75%
Sacramento, California
75%
Salt Lake City, Utah
75%
Topeka, Kansas
75%
Boise, Idaho
70%
Cheyenne, Wyoming
70%
Columbia, South Carolina
70%
Columbus, Ohio
70%
Concord, New Hampshire
70%
Denver, Colorado
70%
Frankfort, Kentucky
70%
Helena, Montana
70%
Indianapolis, Indiana
70%
Madison, Wisconsin
70%
Nashville, Tennessee
70%
Oklahoma City, Oklahoma
70%
Olympia, Washington
70%
Saint Paul, Minnesota
70%
Salem, Oregon
70%
Springfield, Illinois
70%
Trenton, New Jersey
70%
Des Moines, Iowa
65%
Jefferson City, Missouri
65%
Raleigh, North Carolina
65%
Augusta, Maine
55%

Score Distribution

Percentile by Number Answered

Percent of People with Each Score

Your Score History

You have not taken this quiz